The development and use of polyester products

Spremljeno u:
Bibliografski detalji
Glavni autor: Doyle, E. N.
Format: Knjiga
Jezik:Undetermined
Izdano: New York McGraw-Hill Book Company 1969
Teme:
Oznake: Dodaj oznaku
Bez oznaka, Budi prvi tko označuje ovaj zapis!
Thư viện lưu trữ: Trung tâm Học liệu Trường Đại học Cần Thơ
LEADER 00489nam a2200181Ia 4500
001 CTU_84167
008 210402s9999 xx 000 0 und d
082 |a 668 
082 |b D754 
100 |a Doyle, E. N. 
245 4 |a The development and use of polyester products 
245 0 |c E. N. Doyle 
260 |a New York 
260 |b McGraw-Hill Book Company 
260 |c 1969 
650 |a Polyesters 
904 |i QHieu(sửa) 
980 |a Trung tâm Học liệu Trường Đại học Cần Thơ